00721cam a22002531 4500001001300000003000400013005001700017008004100034010001700075035002000092040001800112042001200130050001800142100004500160245001500205260001000220300003900230500001700269504004400286650002500330700002000355710007500375999001700450sa 67002348 DLC20260227112330.0890912s1961 ii ac b 000 0 gujo  asa 67002348  a(OCoLC)20331329 aDLCcWaUdDLC apremarc00aPK1850.5b.T71 aTrivedī, Vishṇuprasāda Ra.,d1899-10aUpāyana. c1961. a10, 482 p.billus., ports.c26 cm. aIn Gujarati. aList of the author's works: p. 466-467. 0aGujarati literature.1 aDesai, Vrajrai.2 aŚrī Vishṇuprasāda Trivedī Shashṭipūrti Sanmāna Samiti. c73212d73212